Les lois les plus absurdes ! - Statistiques

Statistiques générales
  • Ce quiz a été pris 51 fois
  • Le résultat moyen est 5 sur 15
Statistiques - réponses
Question Réponse % Correct
Fumer une cigarette dans un coffee shop est interdit, mais vous pourrez sans problème y fumer un joint, à condition qu’il soit pur. Pays-Bas
86%
Il est illégal à une femme célibataire de sauter en parachute un dimanche. États-Unis
52%
Il vous sera interdit de tirer la chasse d’eau après 22h et de faire sécher du linge dehors le dimanche. Suisse
52%
Il est inerdit de mourir dans le Parlement. Royaume-Uni
50%
Interdiction absolue de vous arrêter sur une autoroute et vous n’avez pas le droit de tomber en panne d’essence. Allemagne
41%
Une loi protège les commerçants contre les clients qui veulent payer en petite monnaie. Canada
36%
Une femme qui découvre que son mari est infidèle a le droit de le tuer à la seule force de ses mains, et de tuer sa maîtresse de la façon dont elle le souhaite. Chine (Hong-Kong)
32%
Il est interdit de conduire une voiture les yeux bandés. États-Unis
32%
Il est interdit de s’assoir à l’ombre d’un monument. Italie
25%
Il est interdit qu'une femme et qu'un homme de s’embrasser sur le quai d’une gare. France
20%
Vous n’avez pas le droit de vous tenir la main ni de danser dans la rue si vous n’êtes pas mariés. Émirats arabes unis
18%
Il est interdit de porter des chaussures bruyantes. Italie
11%
Vous n’aurez absolument pas le droit de construire des châteaux de sable. Italie
9%
Il est interdit de jouer aux jeux vidéo depuis 2002, quels qu’ils soient. Grèce
7%
Si une envie pressante vous prend alors que vous passez devant une maison, n’hésitez pas à frapper. Les habitants devront vous laisser l’accès à leurs toilettes, car c’est la loi. Royaume-Uni
2%
Aucun quiz correspondant
Distribution des résultats
% des personnes avec chaque résultat
Percentile par nombre de réponses
Votre historique - résultats
Vous n’avez pas pris ce quiz